Statistics for UK Tit Species

Click here to take the quiz!

General Stats

  • This quiz has been taken 7 times
  • The average score is 5 of 8

Answer Stats

Answer% Correct
Blue tit
100%
Great tit
100%
Coal tit
71%
Crested tit
57%
Long-tailed tit
57%
Bearded tit
43%
Marsh tit
43%
Willow tit
43%

Score Distribution

Percentile by Number Answered

Percent of People with Each Score

Your Score History

You have not taken this quiz